Statistiken für Meistbesuchte Länder von Chinesen

Klicken Sie hier um das Quiz zu spielen!

Allgemein

  • Dieses Quiz wurde 2,016 mal gespielt
  • Das Durchschnittsergebnis liegt bei 11 aus 14

Antwortstatistiken

# Touristen Land % Korrekt
553'846Vereinigte Staaten
98%
1'394'203Japan
97%
397'611Deutschland
97%
619'294Frankreich
90%
413333Australien
86%
3'546'921Südkorea
82%
497'453Italien
82%
2'884'539Thailand
81%
646'048Indonesien
75%
440'683Vietnam
74%
2'671'350Taiwan
66%
677'836Malaysia
61%
990'159Singapur
54%
436'771Schweiz
34%

Verteilung der Resultate

Perzentil nach korrekt beantworteten Fragen

Anzahl Personen mit jedem Resultat

Ihre Resultats-Entwicklung

Sie haben dieses Quiz noch nicht gespielt